| 000 | 00818nam a2200217 i 4500 | ||
|---|---|---|---|
| 001 | 188094 | ||
| 003 | SpMaBN | ||
| 005 | 20230906223118.0 | ||
| 008 | 180427s1930 sp b |||| |dspa d | ||
| 080 | _a929 Baeza, Ricardo | ||
| 080 | _a94(415)"1910/21"(093.3) | ||
| 100 | 1 |
_aBaeza, Ricardo, _d1890-1956 _924620 |
|
| 245 | 1 | 3 |
_aLa Isla de los Santos _b: (itinerario en Irlanda) / _cRicardo Baeza. |
| 260 |
_aMadrid : _bCompañía Ibero-Americana de Publicaciones : _bRenacimiento, _c[1930] |
||
| 300 |
_a309 p. [1] h. de mapa col. ; _c19 cm. |
||
| 504 | _aBibliografía: p. 293-[296] | ||
| 600 | 1 | 4 |
_aBaeza, Ricardo, _d1890-1956 _924620 |
| 651 | 4 |
_aIrlanda- _zHistoria- _yS.XX. _98855 |
|
| 852 |
_aES-MaACL _jL-31985 _z. - Donat. herederos de la bibl. de Mª del Pilar Costa Palacín |
||
| 999 |
_c188094 _d188094 |
||